000 00734nam a2200265Ia 4500
003 0100
008 130227s9999 xx 000 0 und d
020 _a0750704861
040 _cARRUPELIB
050 _aLC191.8.N45P48 1996
100 _aPeters, Michael
245 _aIndividualism and community
245 _bEducation and social policy in the postmodern condition
260 _aLondon
260 _bFalmer Press
260 _C1996
300 _aix
300 _b 237p 23cm
440 _aNew prospects series n.4
650 _bConscience--Religious aspects--Catholic church
650 _cChristian ethics--Catholic authors
650 _dCatholic church--Doctrines
700 _aMarshall, James
942 _2lcc
_04
999 _c3723
_d3723